|
|
|
|
| LEADER |
00000nam0a2200000 4500 |
| 001 |
279388 |
| 005 |
20231101235214.0 |
| 020 |
|
|
|a RU
|b 86-55922
|
| 035 |
|
|
|a (RuTPU)RU\TPU\book\302666
|
| 090 |
|
|
|a 279388
|
| 100 |
|
|
|a 20141218d1986 k y0rusy5003 ca
|
| 101 |
0 |
|
|a rus
|
| 102 |
|
|
|a RU
|
| 105 |
|
|
|a a z 101zy
|
| 200 |
1 |
|
|a Фанерозойские рифы и кораллы СССР
|e труды V Всесоюзного симпозиума по кораллам и рифам, 1983 г., г. Душанбе
|f Академия наук СССР (АН СССР) ; под ред. Б. С. Соколова
|
| 210 |
|
|
|a Москва
|c Наука
|d 1986
|
| 215 |
|
|
|a 226 с.
|c ил.
|
| 320 |
|
|
|a Библиогр. в конце докладов
|
| 606 |
1 |
|
|a Кораллы ископаемые
|2 stltpush
|3 (RuTPU)RU\TPU\subj\15689
|9 41907
|
| 606 |
1 |
|
|a Рифы ископаемые
|x Геология
|2 stltpush
|3 (RuTPU)RU\TPU\subj\53521
|9 71726
|
| 610 |
1 |
|
|a сфинктозоа
|
| 610 |
1 |
|
|a окаменелости
|
| 610 |
1 |
|
|a строматопораты
|
| 610 |
1 |
|
|a табуляты
|
| 610 |
1 |
|
|a гелиолитоидеи
|
| 610 |
1 |
|
|a ругозы
|
| 610 |
1 |
|
|a целентераты
|
| 610 |
1 |
|
|a развитие
|
| 610 |
1 |
|
|a онтогенез
|
| 610 |
1 |
|
|a рифообразование
|
| 610 |
1 |
|
|a фации
|
| 610 |
1 |
|
|a формирование
|
| 610 |
1 |
|
|a размещение
|
| 610 |
1 |
|
|a рифовые резервуары
|
| 610 |
1 |
|
|a фосфоритогенез
|
| 675 |
|
|
|a 551.351.5(063)
|v 4
|
| 675 |
|
|
|a 563.6(063)
|v 4
|
| 702 |
|
1 |
|a Соколов
|b Б. С.
|g Борис Сергеевич
|4 340
|
| 712 |
0 |
2 |
|a Академия наук СССР (АН СССР)
|c (1925-1991)
|2 stltpush
|3 (RuTPU)RU\TPU\col\722
|
| 712 |
1 |
2 |
|a Фанерозойские рифы и кораллы СССР
|c Всесоюзный смпозиум
|d 5
|e Душанбе
|f 1983
|4 570
|
| 801 |
|
0 |
|a RU
|b RuMRKP
|c 19950704
|g psbo
|
| 801 |
|
1 |
|a RU
|b 63413507
|c 20141218
|
| 801 |
|
2 |
|a RU
|b 63413507
|c 20170418
|g RCR
|
| 942 |
|
|
|c BK
|